| 000 | 00726cam a22002533a 4500 | ||
|---|---|---|---|
| 001 | 15250 | ||
| 003 | PGUSA | ||
| 005 | 20140828083327.0 | ||
| 008 | 050304s2005||||xxu|||||s|||||000 | eng d | ||
| 040 |
_aPGUSA _beng |
||
| 042 | _adc | ||
| 050 | 4 | _aGR | |
| 100 | 1 |
_aWerner, E. T. C. _q(Edward Theodore Chalmers), _d1864-1954 |
|
| 245 | 1 | 0 |
_aMyths and Legends of China _h[electronic resource] / _cE. T. C. Werner |
| 260 |
_bProject Gutenberg, _c2005 |
||
| 506 | _aPublic domain in the USA. | ||
| 516 | _aElectronic text | ||
| 653 | _aTales -- China | ||
| 653 | _aMythology, Chinese | ||
| 653 | _aLegends -- China | ||
| 830 | 0 |
_aProject Gutenberg _v15250 |
|
| 856 | 4 | 0 | _uhttp://www.gutenberg.org/ebooks/15250 |
| 942 | _cEB | ||
| 999 |
_c244505 _d244505 |
||